| 000 | 00475nam a2200169Ia 4500 | ||
|---|---|---|---|
| 999 |
_c26727 _d26727 |
||
| 003 | OSt | ||
| 005 | 20201215152607.0 | ||
| 008 | 190216s9999||||xx |||||||||||||| ||und|| | ||
| 040 | _coclc | ||
| 082 |
_a894.8124 _bUDA/P |
||
| 100 |
_aUdayabhanu, A P _96960 |
||
| 245 | 0 |
_aPaapathinte Nagaram / _cA P Udayabhanu |
|
| 260 |
_bDc Books , _c1987. _aKottayam: |
||
| 300 | _a153p | ||
| 650 | _aLekhanam | ||
| 942 |
_cBK _2ddc _h894.8124 _iUDA/P _k894.8124 _mUDA/P |
||